00379nam a2200085Ia 4500008004100000041000800041100002000049245018700069260003700256241105s9999 xx 000 0 und d aeng aBhagwat Namrata aStudy On Achieving Thermal Comfort With Low Cooling Energy Demand In Multi Storeyed Atriums Of Shopping Malls In Pune : Means Of Alternative Ventilation Strategies And Passive Design bM.Arch Environmental, Punec2014